| 000 -LEADER |
| fixed length control field |
00855nam a22002777a 4500 |
| 003 - CONTROL NUMBER IDENTIFIER |
| control field |
OSt |
| 005 - DATE AND TIME OF LATEST TRANSACTION |
| control field |
20210426101754.0 |
| 008 - FIXED-LENGTH DATA ELEMENTS--GENERAL INFORMATION |
| fixed length control field |
210120s1997 ||||| |||| 00| 0 eng d |
| 020 ## - INTERNATIONAL STANDARD BOOK NUMBER |
| International Standard Book Number |
0822020629 |
| 040 ## - CATALOGING SOURCE |
| Original cataloging agency |
eng |
| Language of cataloging |
eng |
| Transcribing agency |
DLC |
| 041 ## - LANGUAGE CODE |
| Language code of text/sound track or separate title |
eng |
| 080 ## - UNIVERSAL DECIMAL CLASSIFICATION NUMBER |
| Universal Decimal Classification number |
37 |
| Item number |
B-69 |
| 100 ## - MAIN ENTRY--PERSONAL NAME |
| 9 (RLIN) |
661 |
| Personal name |
Bobrow, Jerry |
| 245 ## - TITLE STATEMENT |
| Title |
Computer-Adaptive Graduate Management Admission Test |
| Remainder of title |
: Preparation Guide |
| Statement of responsibility, etc. |
/ by: Cliffs Notes Inc |
| 250 ## - EDITION STATEMENT |
| Edition statement |
7th edition |
| 260 ## - PUBLICATION, DISTRIBUTION, ETC. |
| Place of publication, distribution, etc. |
Lincoln |
| Name of publisher, distributor, etc. |
Cliffs Notes Inc |
| Date of publication, distribution, etc. |
1997 |
| 300 ## - PHYSICAL DESCRIPTION |
| Extent |
482 p. |
| Other physical details |
ill. |
| 650 #0 - SUBJECT ADDED ENTRY--TOPICAL TERM |
| 9 (RLIN) |
318 |
| Topical term or geographic name entry element |
Education |
| 653 ## - INDEX TERM--UNCONTROLLED |
| Uncontrolled term |
განათლება |
| 700 ## - ADDED ENTRY--PERSONAL NAME |
| 9 (RLIN) |
662 |
| Personal name |
Covino, A. William |
| Relator term |
Contributor |
| 700 ## - ADDED ENTRY--PERSONAL NAME |
| 9 (RLIN) |
663 |
| Personal name |
Orton, Z. Peter |
| Relator term |
Contributor |
| 700 ## - ADDED ENTRY--PERSONAL NAME |
| 9 (RLIN) |
664 |
| Personal name |
Nathan, Harold |
| Relator term |
Contributor |
| 700 ## - ADDED ENTRY--PERSONAL NAME |
| 9 (RLIN) |
665 |
| Personal name |
Kay, A. David |
| Relator term |
Contributor |
| 700 ## - ADDED ENTRY--PERSONAL NAME |
| 9 (RLIN) |
666 |
| Personal name |
Johnson, Dale |
| Relator term |
Contributor |
| 942 ## - ADDED ENTRY ELEMENTS (KOHA) |
| Source of classification or shelving scheme |
|
| Koha item type |
Books |
| Edition |
7 |